1468 1042 1329 1079 1354 1548 1257 1942 1631 1920 1144 1741 1702 1585 1624 1118 1467 1344 1316 1732 1632 1630 1990 1357 1943 1460 1628 1443 1119 1357 1868 1836 1638 1131 1604 1624 1143 1125 1826 1754 1759 1856 1415 1717 1326 1278 1550 1528 1294 1142 1522 1133 1020 1799 1742 1615 1767 1888 1768 1716 1678 1287 1106 1416 1474 1298 1324 1662 1692 1191 1012 1935 1276 1961 1425 1138 1669 1331 1240 1176 1305 1710 1908 1975 1832 1032 1973 1623 1788 1294 1259 1316 1859 1703 1394 1814 1354 1329 1896 BCNSPRNW ULIB Ver.6.0+V

เปลี่ยนเป็นภาษาไทย

Change to English
 แสดงรายละเอียดบรรณานุกรม
  กลับหน้าหลัก

Brief Record : Get Marc (ISO 2709) : E-mail record : QR code < ปิดหน้าต่าง
LEADER : 00000nam 2200000uu 4500
001    13399124468
003     ULIB
008    150727s2556||||th 000 0 tha d
020    ^a9786167287935
060  0 ^aWY160^bก451
245 00 ^aการพยาบาลจิตเวช/^cบรรณาธิการ,วีณา เจี๊ยบนา
250    ^aพิมพ์ครั้งที่ 1.
260    ^aกรุงเทพฯ :^bวิทยาลัยพยาบาลสภากาชาดไทย,^c2556.
300    ^a171 หน้า
650  0 ^aการพยาบาลจิตเวช
650  0 ^aจิตเวช^xการพยาบาล
700 0  ^aวีณา เจี๊ยบนา,^eบรรณาธิการ
710 1  ^aวิทยาลัยพยาบาลสภากาชาดไทย.^bภาควิชาการพยาบาลอนามัยชุมชนและจิตเวช.
945    ^p180^l0^i23008
945    ^p180^l0^i23009
945    ^p180^l0^i23010
945    ^p180^l0^i23011
945    ^p180^l0^i23012
999    ^aทศพร เกษรทอง
รายการนี้ยังไม่มีแท็ก
คุณยังไม่ได้ล็อกอิน คุณสามารถมีกิจกรรมร่วมกับเว็บไซต์ได้ แต่ต้องล็อกอินก่อน ::
  ล็อกอิน

รายการสื่อสารสนเทศ

ลำดับที่ ประเภท เลขเรียก/บาร์โค้ด สถานที่ สถานะ
1. Book การพยาบาล
Book การพยาบาล
สถานะ=หนังสือเก่า
WY160 ก451 ฉ.1 
  Barcode: 23008
ห้องสมุดวิทยาเขตนครสวรรค์
►ส่วนจัดเก็บหนังสือเก่า นว.
บนชั้น
  ขอยืม
2. Book การพยาบาล
Book การพยาบาล
สถานะ=หนังสือเก่า
WY160 ก451 ฉ.2 
  Barcode: 23009
ห้องสมุดวิทยาเขตนครสวรรค์
►ส่วนจัดเก็บหนังสือเก่า นว.
บนชั้น
  ขอยืม
3. Book การพยาบาล
Book การพยาบาล
สถานะ=หนังสือเก่า
WY160 ก451 ฉ.3 
  Barcode: 23010
ห้องสมุดวิทยาเขตนครสวรรค์
►ส่วนจัดเก็บหนังสือเก่า นว.
บนชั้น
  ขอยืม
4. Book การพยาบาล
Book การพยาบาล
สถานะ=หนังสือเก่า
WY160 ก451 ฉ.4 
  Barcode: 23011
ห้องสมุดวิทยาเขตนครสวรรค์
►ส่วนจัดเก็บหนังสือเก่า นว.
บนชั้น
  ขอยืม
5. Book การพยาบาล
Book การพยาบาล
สถานะ=หนังสือเก่า
WY160 ก451 ฉ.5 
  Barcode: 23012
ห้องสมุดวิทยาเขตนครสวรรค์
►ส่วนจัดเก็บหนังสือเก่า นว.
บนชั้น
  ขอยืม

รายการใกล้เคียง
    หัวเรื่อง [การพยาบาลจิตเวช]

BibComment


ยังไม่เคยถูกคอมเมนท์

คอมเมนท์ทรัพยากรรายการนี้
  คอมเมนท์: การพยาบาลจิตเวช ..


 Copyright 2026. Bcnsprnw @Library